| 000 | 00671nam a2200229Ia 4500 | ||
|---|---|---|---|
| 005 | 20250508164155.0 | ||
| 008 | 008 250505s9999 xx 000 0 eng d | ||
| 020 | _a0-415-12830-7 | ||
| 037 | _aTextBook | ||
| 040 |
_aFEDL _beng _cFEDL |
||
| 041 |
_aeng _2eng |
||
| 084 |
_a372.64, WRA _qFEDL |
||
| 100 |
_aWray David _9600442 |
||
| 245 | 0 | _aExtending literacy: Children reading and writing non - fiction | |
| 260 |
_aLondon, UK _bRoutledge _c1997 |
||
| 300 | _aviii,176p | ||
| 365 |
_aGBP _b19.99 |
||
| 650 |
_aElementary Education; Literacy _9777594 |
||
| 700 |
_a Lewis Maureen _9777595 |
||
| 942 |
_cTB _h372.64, WRA |
||
| 999 |
_c1387436 _d1387436 |
||